6ta Encuesta Nacional de Juventud: Principales resultados

Збережено в:
Бібліографічні деталі
Співавтор: Instituto Nacional de la Juventud (Автор)
Формат: Книга
Мова:Іспанська
Опубліковано: Santiago INJUV 2009
Предмети:
Теги: Додати тег
Немає тегів, Будьте першим, хто поставить тег для цього запису!

MARC

LEADER 00000nam a2200000 a 4500
001 UCG1392
003 CL-VaPUC
008 100429e20090000CL |||||||||||||||||spa|d
020 |a 9789567636112 
082 0 4 |a 305.235  |b INS  |2 21 
110 2 |a Instituto Nacional de la Juventud  |e author  |9 549347 
245 1 0 |a 6ta Encuesta Nacional de Juventud: Principales resultados 
300 |a 100 p 
942 |c BK 
945 |d 20100429 00:00:00  |a dcastane 
260 |a Santiago  |b INJUV  |c 2009 
500 |a Incluye DVD 
650 0 |a Juventud  |9 271073 
650 7 |a JUVENTUD CHILENA  |2 CL-VaPUC  |9 549348 
650 7 |a SOCIOLOGIA JUVENIL  |2 CL-VaPUC  |9 549349 
650 0 |a Psicología del adolescente   |9 307864 
650 0 |a Encuestas   |9 259666 
583 |a last modification  |c 20100429 00:00:00  |k Rodrigo Vera 
999 |c 340792  |d 340790 
952 |0 0  |1 0  |4 0  |6 305_235000000000000_INS_2009  |7 0  |8 A  |9 435821  |a BIBEDU  |b BIBEDU  |d 2019-11-22  |i 4666801  |o 305.235 INS 2009  |p 4666801  |r 2019-11-22  |w 2019-11-22  |y BK  |k BME 
952 |0 0  |1 0  |4 0  |6 305_235000000000000_INS_2009  |7 0  |8 A  |9 435822  |a BIBGIM  |b BIBGIM  |d 2019-11-22  |i 4667441  |o 305.235 INS 2009  |p 4667441  |r 2025-01-15  |w 2019-11-22  |y BK  |k SSL 
952 |0 0  |1 0  |4 0  |6 305_235000000000000_INS_2009  |7 0  |8 A  |9 435823  |a BIBEDU  |b BIBEDU  |d 2019-11-22  |i 4786343  |o 305.235 INS 2009  |p 4786343  |r 2019-11-22  |w 2019-11-22  |y BK  |k EDU